Statistics for Most Famous 10 Temples in Egypt

Click here to take the quiz!

General Stats

  • This quiz has been taken 11 times
  • The average score is 5 of 10

Answer Stats

Answer% Correct
Karnak
75%
Luxor
75%
Abu Simbel
63%
Hatshepsut
63%
Kom Ombo
50%
Edfu
38%
Medinet Habu
38%
Philae
38%
Colossi of Memnon
25%
Seti I
13%

Score Distribution

Percentile by Number Answered

Percent of People with Each Score

Your Score History

You have not taken this quiz